A financial accounting / (Record no. 141237)

MARC details
000 -LEADER
fixed length control field 00604nam a22002057a 4500
005 - DATE AND TIME OF LATEST TRANSACTION
control field 20170616144651.0
010 ## - LCCN (DPL NO)
LC control number ENG-118725
020 ## - INTERNATIONAL STANDARD BOOK NUMBER
International Standard Book Number 9788192060819
Terms of availability 290.00
035 ## - SYSTEM CONTROL NUMBER
System control number EN-102257
037 ## - SOURCE OF ACQUISITION
Source of stock number/acquisition DBAD/PUB
082 ## - DEWEY DECIMAL CLASSIFICATION NUMBER
Classification number 657.48
100 ## - MAIN ENTRY--PERSONAL NAME
Personal name K.S.R.K Prasad
245 ## - TITLE STATEMENT
Title A financial accounting /
Statement of responsibility, etc by K.S.K.R. Prasad & A. Uttama Durga Devi
260 ## - PUBLICATION, DISTRIBUTION, ETC. (IMPRINT)
Place of publication, distribution, etc Guntur
Name of publisher, distributor, etc Jai Bharath Publishers
Date of publication, distribution, etc 2013
270 ## - ADDRESS
Address 2/18 Brodiepet, Guntur-522002
300 ## - PHYSICAL DESCRIPTION
Extent Various Pagings
Dimensions 27cm.(pbk)
490 ## - SERIES STATEMENT
Series statement JBP Competitive Series
505 ## - FORMATTED CONTENTS NOTE
Formatted contents note Vol-3
942 ## - ADDED ENTRY ELEMENTS (KOHA)
Source of classification or shelving scheme Dewey Decimal Classification
Item type English Books
Classification part 657.48
Call number suffix PRA
Holdings
Withdrawn status Lost status Not for loan Collection code Home library Current library Date acquired Source of acquisition Cost, normal purchase price Full call number Barcode Copy number Cost, replacement price Koha item type
      Non-fiction Bawana Bawana 16/06/2017 DBAD/PUB 290.00 657.48 PRA EN-102257 1 290.00 English Books

© Delhi Public Library
Hit Counter
free hit counter